000 004350000a22001810004500
003 MACL
005 20160129171354.0
008 160129b xxu||||| |||| 00| 0 eng d
040 _aMACL
_cMACL
041 _aEnglish
082 _a823/SAN
100 _aSandhu, Sarabjit
_935718
245 _aThe of Shashi Deshpande
260 _bPrestige
_c1991
_aNew Delhi
350 _a100
650 _aFiction
_935719
942 _cBK
_k823/San
_2ddc
999 _c31539
_d31539